North American Sports Teams 2024-25 - Statistics

General Stats
  • This quiz has been taken 25 times
  • The average score is 116 of 162
Answer Stats
Hint Answer % Correct
Arizona NFL: Arizona Cardinals
91%
Arizona MLB: Arizona Diamondbacks
91%
North Carolina NFL: Carolina Panthers
91%
Florida NHL: Florida Panthers
91%
California MLB: San Francisco Giants
91%
Missouri MLB: St. Louis Cardinals
91%
Georgia NBA: Atlanta Hawks
87%
British Columbia CFL: BC Lions
87%
Massachusetts NBA: Boston Celtics
87%
Illinois NFL: Chicago Bears
87%
Illinois MLB: Chicago Cubs
87%
Ohio NFL: Cincinnati Bengals
87%
Texas NFL: Dallas Cowboys
87%
Colorado NFL: Denver Broncos
87%
Michigan NFL: Detroit Lions
87%
Michigan MLB: Detroit Tigers
87%
Texas NFL: Houston Texans
87%
Missouri NFL: Kansas City Chiefs
87%
California NHL: Los Angeles Kings
87%
Massachusetts NFL: New England Patriots
87%
New York NFL: New York Giants
87%
New York NFL: New York Jets
87%
California NBA: Sacramento Kings
87%
California NFL: San Francisco 49ers
87%
Florida NFL: Tampa Bay Buccaneers
87%
Utah NBA: Utah Jazz
87%
Manitoba NHL: Winnipeg Jets
87%
Georgia NFL: Atlanta Falcons
83%
Maryland NFL: Baltimore Ravens
83%
Massachusetts NHL: Boston Bruins
83%
Massachusetts MLB: Boston Red Sox
83%
New York NBA: Brooklyn Nets
83%
New York NFL: Buffalo Bills
83%
North Carolina NBA: Charlotte Hornets
83%
Illinois NHL: Chicago Blackhawks
83%
Illinois NBA: Chicago Bulls
83%
Illinois MLB: Chicago White Sox
83%
Ohio MLB: Cincinnati Reds
83%
Ohio NFL: Cleveland Browns
83%
Colorado MLB: Colorado Rockies
83%
California NBA: Golden State Warriors
83%
Wisconsin NFL: Green Bay Packers
83%
Texas MLB: Houston Astros
83%
Texas NBA: Houston Rockets
83%
Indiana NBA: Indiana Pacers
83%
Florida NFL: Jacksonville Jaguars
83%
Nevada NFL: Las Vegas Raiders
83%
California MLB: Los Angeles Angels
83%
California NFL: Los Angeles Chargers
83%
California NBA: Los Angeles Clippers
83%
California NFL: Los Angeles Rams
83%
Florida NFL: Miami Dolphins
83%
Florida NBA: Miami Heat
83%
Wisconsin NBA: Milwaukee Bucks
83%
Minnesota MLB: Minnesota Twins
83%
Minnesota NFL: Minnesota Vikings
83%
Louisiana NFL: New Orleans Saints
83%
New York NHL: New York Islanders
83%
New York MLB: New York Yankees
83%
California MLB: Oakland Athletics
83%
Pennsylvania NBA: Philadelphia 76ers
83%
Pennsylvania NFL: Philadelphia Eagles
83%
Arizona NBA: Phoenix Suns
83%
Oregon NBA: Portland Trailblazers
83%
Texas NBA: San Antonio Spurs
83%
Missouri NHL: St. Louis Blues
83%
Tennessee NFL: Tennessee Titans
83%
Texas MLB: Texas Rangers
83%
Nevada NHL: Vegas Golden Knights
83%
DC NFL: Washington Commanders
83%
California NHL: Anaheim Ducks
78%
Georgia MLB: Atlanta Braves
78%
Ohio NBA: Cleveland Cavaliers
78%
Colorado NHL: Colorado Avalanche
78%
Colorado NBA: Denver Nuggets
78%
Michigan NBA: Detroit Pistons
78%
Alberta NHL: Edmonton Oilers
78%
Indiana NFL: Indianapolis Colts
78%
California MLB: Los Angeles Dodgers
78%
California NBA: Los Angeles Lakers
78%
Tennessee NBA: Memphis Grizzlies
78%
Florida MLB: Miami Marlins
78%
Wisconsin MLB: Milwaukee Brewers
78%
Minnesota NBA: Minnesota Timberwolves
78%
Minnesota NHL: Minnesota Wild
78%
New Jersey NHL: New Jersey Devils
78%
New York NHL: New York Rangers
78%
Florida NBA: Orlando Magic
78%
Pennsylvania MLB: Philadelphia Phillies
78%
Pennsylvania MLB: Pittsburgh Pirates
78%
Pennsylvania NFL: Pittsburgh Steelers
78%
California MLB: San Diego Padres
78%
Washington NFL: Seattle Seahawks
78%
Florida MLB: Tampa Bay Rays
78%
Ontario NBA: Toronto Raptors
78%
Maryland MLB: Baltimore Orioles
74%
Texas NBA: Dallas Mavericks
74%
Texas NHL: Dallas Stars
74%
Missouri MLB: Kansas City Royals
74%
Quebec NHL: Montreal Canadiens
74%
Tennessee NHL: Nashville Predators
74%
Louisiana NBA: New Orleans Pelicans
74%
New York NBA: New York Knicks
74%
New York MLB: New York Mets
74%
Oklahoma NBA: Oklahoma City Thunder
74%
Pennsylvania NHL: Pittsburgh Penguins
74%
Washington NHL: Seattle Kraken
74%
Ontario MLB: Toronto Blue Jays
74%
Ontario NHL: Toronto Maple Leafs
74%
DC NHL: Washington Capitals
74%
DC NBA: Washington Wizards
74%
New York NHL: Buffalo Sabres
70%
Ohio MLB: Cleveland Guardians
70%
Michigan NHL: Detroit Red Wings
70%
Washington MLB: Seattle Mariners
70%
Florida NHL: Tampa Bay Lightning
70%
British Columbia NHL: Vancouver Canucks
70%
DC MLB: Washington Nationals
70%
Alberta NHL: Calgary Flames
65%
North Carolina NHL: Carolina Hurricanes
65%
Ohio NHL: Columbus Blue Jackets
65%
DC MLS: D.C. United
65%
California MLS: LA Galaxy
65%
California MLS: Los Angeles FC
61%
Ontario NHL: Ottawa Senators
61%
Pennsylvania NHL: Philadelphia Flyers
61%
Utah MLS: Real Salt Lake
61%
California NHL: San Jose Sharks
61%
Oregon MLS: Portland Timbers
57%
Georgia MLS: Atlanta United FC
52%
Florida MLS: Inter Miami CF
52%
Tennessee MLS: Nashville SC
52%
Washington MLS: Seattle Sounders FC
52%
Ontario MLS: Toronto FC
52%
Quebec MLS: CF Montréal
48%
North Carolina MLS: Charlotte FC
48%
Illinois MLS: Chicago Fire FC
48%
Minnesota MLS: Minnesota United FC
48%
Saskatchewan CFL: Saskatchewan Roughriders
48%
Texas MLS: Austin FC
43%
Ohio MLS: FC Cincinnati
43%
Texas MLS: FC Dallas
43%
Texas MLS: Houston Dynamo FC
43%
New York MLS: New York Red Bulls
43%
Florida MLS: Orlando City SC
43%
Pennsylvania MLS: Philadelphia Union
43%
Missouri MLS: St. Louis City SC
43%
Utah NHL: Utah NHL Team
43%
British Columbia MLS: Vancouver Whitecaps FC
43%
Ohio MLS: Columbus Crew
39%
Quebec CFL: Montreal Alouettes
39%
Massachusetts MLS: New England Revolution
39%
California MLS: San Jose Earthquakes
39%
Alberta CFL: Calgary Stampeders
35%
Missouri MLS: Sporting Kansas City
35%
Ontario CFL: Toronto Argonauts
35%
Manitoba CFL: Winnipeg Blue Bombers
35%
Colorado MLS: Colorado Rapids
30%
Ontario CFL: Hamilton Tiger-Cats
30%
New York MLS: New York City FC
30%
Ontario CFL: Ottawa Redblacks
30%
Alberta CFL: Edmonton Elk
26%
No matching quizzes found
Score Distribution
Percent of People with Each Score
Percentile by Number Answered
Your Score History
You have not taken this quiz